Statystyki dla Największe miasto Począwszy od S w tym kraju #2

Kliknij tutaj aby rozwiązać quiz!

Ogólne statystyki

  • Ten quiz został rozwiązany 76 razy
  • Średni wynik to 9 z 15

Statystyki odpowiedzi

KrajS Miasto% Poprawnych
SzwecjaSztokholm
100%
PolskaSzczecin
91%
SingapurSingapur
82%
ChileSantiago
79%
Macedonia
Północna
Skopje
79%
BrazyliaSão Paulo
72%
HiszpaniaSewilla
72%
ChinySzanghaj
69%
TurcjaStambuł
66%
ChorwacjaSplit
62%
JemenSana
57%
JaponiaSapporo
34%
Stany
Zjednoczone
San Antonio
29%
Wielka BrytaniaSheffield
22%
MarokoSala
3%

Rozkład punktacji

Percentyl według liczby udzielonych odpowiedzi

Procent ludzi z każdym wynikiem

Twoja historia wyników

Nie rozwiązałeś tego quizu